00440 2200157 4500001002100000005001500021035002000036245007000056100002100126250001100147300003100158260004700189082001100236084001700247020001800264INLIS00000000000037320260408080414 a0010-04260000011 aAku Senang Menjadi Santri Happy Mondik Seri 2 /cNayla Damai V.P.0 aNayla Damai V.P. aSeri 2 a188 hlm. :bilus ;c21 cm. aJakarta Timur :bPustaka Al-Kautsar,c2020 a813.54 a813.54 NAY a a9786021694862